Which UK University? - Statistics

General Stats
  • This quiz has been taken 41 times
    37 since last reset
  • The average score is 6 of 20
Answer Stats
Clue Answer % Correct
Where Prince William met his future wife, Kate Middleton University of St Andrews
80%
Sir Isaac Newton was a professor of mathematics here University of Cambridge
77%
Famed for its sporting prowess, winning the BUCS championship for over 40 years running Loughborough University
50%
The largest university in the UK by student number, famous for distance learning The Open University
50%
Its students live and study inside a UNESCO World Heritage Castle and Cathedral Durham University
43%
Home to the "Arts Tower," which contains the largest "Paternoster" (continuously moving lift) in Europe University of Sheffield
37%
The campus was home to "Long Boi," a remarkably tall duck who went viral on the internet University of York
33%
Ernest Rutherford "split the atom" here for the first time in 1917 University of Manchester
30%
Home to the Radcliffe Camera, which is actually a circular library and not a piece of photography equipment University of Oxford
30%
The first UK university to establish full international campuses, opening in Malaysia (2000) and China (2004) University of Nottingham
27%
King Charles III spent a term here to learn Welsh Aberystwyth University
23%
Scientists at this university created Dolly the Sheep, the first cloned mammal University of Edinburgh
23%
Home to the "Auto-Icon," the preserved skeleton of philosopher Jeremy Bentham University College London
20%
J.K. Rowling got fined for overdue library books here while studying Classics University of Exeter
13%
The popular soft drink Ribena was invented by scientists here in the 1930s University of Bristol
10%
The only university in Europe to own its own commercial airport, and it has no undergraduate students Cranfield University
7%
Future US President John F. Kennedy enrolled here in 1935, but was forced to withdraw due to sudden illness London School of Economics
7%
Genetic fingerprinting (DNA profiling) was discovered here in 1984 University of Leicester
7%
Launched the world’s first video game degree and is the alma mater of the creator of Grand Theft Auto Abertay University
0%
Its "Sainsbury Centre" building was used as the Avengers' HQ in Age of Ultron University of East Anglia
0%
No matching quizzes found
Score Distribution
Percent of People with Each Score
Percentile by Number Answered
Your Score History
You have not taken this quiz since the last reset